00377nam a22001097a 4500082002600000100003700026245011300063260003500176300001100211526003700222650000800259 a297.14bSHAcL-31.P23 aNidham al-Din Abi 'Ali al-Shashi aUsul al-Shashi Fi usul al fiqahbHanafi principles of Islamic jurisprudenccNidham al-Din Abi 'Ali al-Shashi aLahore.bIdara ey Islam c1982 a144 p. a0b0c0d297_140000000000000_SHA aMCE